Stücke

Guardat en:
Dades bibliogràfiques
Autor principal: García Lorca, Federico
Format: Llibre
Idioma:Undetermined
Publicat: Leipzig, Alemania Verlag 1976
Matèries:
Etiquetes: Afegir etiqueta
Sense etiquetes, Sigues el primer a etiquetar aquest registre!

MARC

LEADER 00000nam a2200000Ia 4500
008 170316s9999 xx 000 0 und d
040 |a cru BVZT 
090 |a 862 G-13s 
100 |a García Lorca, Federico 
245 |a Stücke 
260 |a Leipzig, Alemania 
260 |b Verlag 
260 |c 1976 
300 |a 227 páginas 
650 |a LITERATURA ESPAÑOLA 
999 |c 9886  |d 9886 
942 |c 15 D  |h 862 G-13s  |2 z